<?xml version="1.0" encoding="UTF-8"?>
<record
    xmlns:xsi="http://www.w3.org/2001/XMLSchema-instance"
    xsi:schemaLocation="http://www.loc.gov/MARC21/slim http://www.loc.gov/standards/marcxml/schema/MARC21slim.xsd"
    xmlns="http://www.loc.gov/MARC21/slim">

  <leader>03562nam a2200457 a 4500</leader>
  <controlfield tag="003">CHAP</controlfield>
  <controlfield tag="005">20241007110755.0</controlfield>
  <controlfield tag="007">cr ||||||a|c|a</controlfield>
  <controlfield tag="008">101112s2010    mx      r     00010 spa d</controlfield>
  <datafield tag="035" ind1=" " ind2=" ">
    <subfield code="a">111440</subfield>
  </datafield>
  <datafield tag="040" ind1=" " ind2=" ">
    <subfield code="c">CHAP</subfield>
  </datafield>
  <datafield tag="090" ind1=" " ind2=" ">
    <subfield code="a">Tesis</subfield>
  </datafield>
  <datafield tag="100" ind1="1" ind2=" ">
    <subfield code="a">Z&#xE1;rate Mart&#xED;nez, Alicia.</subfield>
    <subfield code="9">124115</subfield>
  </datafield>
  <datafield tag="245" ind1="1" ind2="0">
    <subfield code="a">An&#xE1;lisis de la vegetaci&#xF3;n en el h&#xE1;bitat de la tortuga del bols&#xF3;n (Gopherus flavomarginatus Legler)</subfield>
    <subfield code="c">/por Alicia Z&#xE1;rate Mart&#xED;nez; director de tesis Heriberto Ram&#xED;rez Carballo.</subfield>
  </datafield>
  <datafield tag="264" ind1=" " ind2="1">
    <subfield code="a">Bermejillo, Dgo. :</subfield>
    <subfield code="b">El autor,</subfield>
    <subfield code="c">2010.</subfield>
  </datafield>
  <datafield tag="300" ind1=" " ind2=" ">
    <subfield code="a">1 recurso en l&#xED;nea (92 p&#xE1;ginas):</subfield>
    <subfield code="b">cuadros, figuras.</subfield>
  </datafield>
  <datafield tag="336" ind1=" " ind2=" ">
    <subfield code="2">rdacontent</subfield>
    <subfield code="a">texto</subfield>
    <subfield code="b">txt</subfield>
  </datafield>
  <datafield tag="337" ind1=" " ind2=" ">
    <subfield code="2">rdamedia</subfield>
    <subfield code="a">computadora</subfield>
    <subfield code="b">c</subfield>
  </datafield>
  <datafield tag="338" ind1=" " ind2=" ">
    <subfield code="2">rdacarrier</subfield>
    <subfield code="a">recursos en l&#xED;nea</subfield>
    <subfield code="b">cr</subfield>
  </datafield>
  <datafield tag="502" ind1=" " ind2=" ">
    <subfield code="b">ISA</subfield>
    <subfield code="c">URUZA</subfield>
    <subfield code="d">2010.</subfield>
    <subfield code="g">LIC</subfield>
  </datafield>
  <datafield tag="520" ind1=" " ind2=" ">
    <subfield code="a">En la Reserva de la Biosfera Mapim&#xED; se analiz&#xF3; la cobertura vegetal en 4 cuadrantes de 100 hect&#xE1;reas con presencia de tortuga del bols&#xF3;n para determinar la relaci&#xF3;n de las madrigueras activas con la estructura de la vegetaci&#xF3;n y las plantas pertenecientes a la dieta de la especie. Con el apoyo de 7-10 personas se llev&#xF3; a cabo un barrido del cuadrante para obtener el n&#xFA;mero aproximado de madrigueras activas y plantas presentes en un di&#xE1;metro de 3 metros. Mediante el uso de la metodolog&#xED;a de Korb y Ful&#xE9; (2008), se realiz&#xF3; un muestreo sistem&#xE1;tico de 30 l&#xED;neas para obtener los datos de vegetaci&#xF3;n. En cada l&#xED;nea se trazaron &#xE1;reas de utilizaci&#xF3;n (AU) de 5 ha, de acuerdo al &#xE1;mbito hogare&#xF1;o de la especie. En las AU&#xB4;s se obtuvieron las madrigueras activas, porcentajes de estrato arbustivo y herb&#xE1;ceo. Se realizaron correlaciones de Pearson y an&#xE1;lisis de frecuencias. Los resultados mostraron que en tres cuadrantes las madrigueras activas disminuyeron cuando las coberturas arbustivas son mayores al 10, 15 y 20%. Un cuadrante present&#xF3; tendencia de madrigueras activas con el estrato herb&#xE1;ceo. Otro no mostr&#xF3; ning&#xFA;n tipo de relaci&#xF3;n. De acuerdo con lo anterior la actividad que se desarrolla en las madrigueras no est&#xE1; definida por la presencia de las plantas pertenecientes a su dieta ubicadas en la cercan&#xED;a de sus madrigueras y/o en el &#xE1;mbito hogare&#xF1;o, pero el tipo de estructura vegetal si puede llegar a definirla. Se presentaron correlaciones con hierbas no registradas en la alimentaci&#xF3;n de la tortuga. Se deben conservar los arbustos presentes por su importancia ecol&#xF3;gica, pero evitar su aumento. Conservar los pastizales cercanos a las madrigueras ya que de all&#xED; obtienen la mayor parte de su alimento y brindan las condiciones para que crezcan hierbas y pastos anuales, especies muy apetecibles por las tortugas</subfield>
  </datafield>
  <datafield tag="590" ind1=" " ind2=" ">
    <subfield code="a">ALEPH</subfield>
    <subfield code="b">10</subfield>
    <subfield code="c">20130110</subfield>
  </datafield>
  <datafield tag="590" ind1=" " ind2=" ">
    <subfield code="a">BATCH-UPD</subfield>
    <subfield code="b">10</subfield>
    <subfield code="c">20130110</subfield>
  </datafield>
  <datafield tag="590" ind1=" " ind2=" ">
    <subfield code="a">BATCH-UPD</subfield>
    <subfield code="b">10</subfield>
    <subfield code="c">20130410</subfield>
  </datafield>
  <datafield tag="590" ind1=" " ind2=" ">
    <subfield code="a">BATCH-UPD</subfield>
    <subfield code="b">10</subfield>
    <subfield code="c">20130914</subfield>
  </datafield>
  <datafield tag="590" ind1=" " ind2=" ">
    <subfield code="a">BATCH-UPD</subfield>
    <subfield code="b">10</subfield>
    <subfield code="c">20140324</subfield>
  </datafield>
  <datafield tag="590" ind1=" " ind2=" ">
    <subfield code="a">BATCH-UPD</subfield>
    <subfield code="b">10</subfield>
    <subfield code="c">20141002</subfield>
  </datafield>
  <datafield tag="590" ind1=" " ind2=" ">
    <subfield code="a">CONVERSION</subfield>
    <subfield code="b">10</subfield>
    <subfield code="c">20130109</subfield>
  </datafield>
  <datafield tag="650" ind1="1" ind2="4">
    <subfield code="a">Ecolog&#xED;a vegetal.</subfield>
    <subfield code="9">35188</subfield>
  </datafield>
  <datafield tag="650" ind1="1" ind2="4">
    <subfield code="a">Habitat</subfield>
    <subfield code="x">Conservaci&#xF3;n.</subfield>
    <subfield code="9">52148</subfield>
  </datafield>
  <datafield tag="650" ind1="1" ind2="4">
    <subfield code="a">Reserva de la Bi&#xF3;sfera de Mapim&#xED;, Dgo.</subfield>
    <subfield code="9">96093</subfield>
  </datafield>
  <datafield tag="650" ind1="1" ind2="4">
    <subfield code="a">Tortuga.</subfield>
    <subfield code="9">114332</subfield>
  </datafield>
  <datafield tag="700" ind1="1" ind2=" ">
    <subfield code="a">Ram&#xED;rez Carballo, Heriberto</subfield>
    <subfield code="9">93912</subfield>
    <subfield code="e">Director de tesis.</subfield>
  </datafield>
  <datafield tag="856" ind1=" " ind2=" ">
    <subfield code="u">http://10.13.5.2/tesis/111440.pdf</subfield>
    <subfield code="z">DESCARGAR PDF</subfield>
  </datafield>
  <datafield tag="901" ind1=" " ind2=" ">
    <subfield code="a">BK</subfield>
  </datafield>
  <datafield tag="942" ind1=" " ind2=" ">
    <subfield code="c">TD</subfield>
    <subfield code="2">Clasificaci&#xF3;n Universidad Aut&#xF3;noma Chapingo</subfield>
  </datafield>
  <datafield tag="949" ind1=" " ind2=" ">
    <subfield code="a">Tesis</subfield>
    <subfield code="b">BC</subfield>
    <subfield code="c">TES</subfield>
    <subfield code="d">33724002220405</subfield>
    <subfield code="e">TS2</subfield>
    <subfield code="f">c.2</subfield>
    <subfield code="g">Donaci&#xD8;n</subfield>
    <subfield code="h">51407</subfield>
    <subfield code="i">111440</subfield>
    <subfield code="s">b</subfield>
  </datafield>
  <datafield tag="949" ind1=" " ind2=" ">
    <subfield code="a">Tesis</subfield>
    <subfield code="b">BC</subfield>
    <subfield code="c">TES</subfield>
    <subfield code="d">33724002220439</subfield>
    <subfield code="e">TS1</subfield>
    <subfield code="g">Donaci&#xD8;n</subfield>
    <subfield code="h">51406</subfield>
    <subfield code="i">111440</subfield>
    <subfield code="s">b</subfield>
  </datafield>
  <datafield tag="999" ind1=" " ind2=" ">
    <subfield code="c">99782</subfield>
    <subfield code="d">99782</subfield>
  </datafield>
  <datafield tag="952" ind1=" " ind2=" ">
    <subfield code="0">0</subfield>
    <subfield code="1">0</subfield>
    <subfield code="2">local</subfield>
    <subfield code="4">0</subfield>
    <subfield code="5">1</subfield>
    <subfield code="7">0</subfield>
    <subfield code="8">TesDigL</subfield>
    <subfield code="a">BD</subfield>
    <subfield code="b">BD</subfield>
    <subfield code="c">E_L</subfield>
    <subfield code="d">2019-12-31</subfield>
    <subfield code="l">0</subfield>
    <subfield code="o">Tesis digital</subfield>
    <subfield code="r">2019-12-31 00:00:00</subfield>
    <subfield code="w">2019-12-31</subfield>
    <subfield code="y">TD</subfield>
  </datafield>
</record>
